[Event "XVI Festival A"]
[Site "Porto San Giorgio ITA"]
[Date "2004.08.22"]
[Round "2"]
[White "Djuric, Stefan"]
[Black "Sciortino, Massimo"]
[Result "1-0"]
[WhiteElo "2511"]
[BlackElo "2253"]
[PlyCount "81"]
[EventDate "2004.08.21"]

1. e4 e5 2. Nf3 Nc6 3. Bb5 Nge7 4. O-O g6 5. c3 Bg7 6. d4 exd4 7. cxd4 d5 8.
exd5 Nxd5 9. Re1+ Be6 10. Bxc6+ bxc6 11. Bg5 Qb8 12. Qc1 O-O 13. Na3 Nb4 14.
Qd2 Re8 15. Bh6 a5 16. Bxg7 Kxg7 17. Ne5 f6 18. Nec4 Bd5 19. b3 Qa7 20. Rac1
Rad8 21. Rxe8 Rxe8 22. Ne3 Re4 23. Rc5 Na6 24. Rxa5 Rxd4 25. Qe2 f5 26. Nac2
Be4 27. Rxa6 Rd2 28. Qxd2 Qxa6 29. a4 c5 30. f3 Bd3 31. Qc3+ Kg8 32. Ne1 Be2
33. Kf2 f4 34. Nd5 Bf1 35. Nxf4 c4 36. Kxf1 cxb3+ 37. Ned3 Qxa4 38. Qxc7 Qa1+
39. Ke2 Qa2+ 40. Ke3 b2 41. Qb8+ 1-0

[Event "XVI Festival A"]
[Site "Porto San Giorgio ITA"]
[Date "2004.08.22"]
[Round "2"]
[White "Facchetti, Gianni"]
[Black "Nijboer, Friso"]
[Result "0-1"]
[WhiteElo "2190"]
[BlackElo "2568"]
[PlyCount "64"]
[EventDate "2004.08.21"]

1. e4 c5 2. Nf3 Nc6 3. Bb5 e6 4. Bxc6 bxc6 5. d3 Ne7 6. Nbd2 f6 7. Nb3 Ng6 8.
Be3 d6 9. Nfd2 e5 10. Qh5 Be7 11. O-O O-O 12. f4 exf4 13. Bxf4 f5 14. Bg3 f4
15. Bf2 Ne5 16. h3 f3 17. Be3 g6 18. Qh6 Nf7 19. Qf4 fxg2 20. Rfe1 Ne5 21. Qh2
Bh4 22. Re2 Nf3+ 23. Nxf3 Rxf3 24. Bf2 Rxh3 25. Qxg2 Bxf2+ 26. Rxf2 Qh4 27. Rf3
Bg4 28. Rxh3 Bxh3 29. Qf2 Qg4+ 30. Kh2 Rf8 31. Qd2 Qh4 32. Qe3 Bf1+ 0-1

[Event "XVI Festival A"]
[Site "Porto San Giorgio ITA"]
[Date "2004.08.22"]
[Round "2"]
[White "Farago, Ivan"]
[Black "Ventura, Sergio"]
[Result "1-0"]
[WhiteElo "2472"]
[BlackElo "2175"]
[PlyCount "59"]
[EventDate "2004.08.21"]

1. d4 c5 2. d5 f5 3. c4 Nf6 4. Nc3 g6 5. g3 Bg7 6. Bg2 d6 7. Nh3 Nbd7 8. Ng5
Nf8 9. O-O h6 10. Nf3 a6 11. Re1 Rb8 12. a4 b6 13. Qc2 Qc7 14. Ra3 Rb7 15. Nh4
Ng4 16. e4 Bf6 17. Nf3 Kf7 18. exf5 Bxf5 19. Qe2 Nd7 20. Ne4 Nge5 21. Nxf6 exf6
22. Nh4 b5 23. axb5 axb5 24. Nxf5 gxf5 25. f4 bxc4 26. fxe5 Nxe5 27. Qh5+ Kg7
28. Qxf5 Rb3 29. Rf1 Qe7 30. Ra7 1-0

[Event "XVI Festival A"]
[Site "Porto San Giorgio ITA"]
[Date "2004.08.22"]
[Round "2"]
[White "Faraoni, Enrico"]
[Black "Lalic, Bogdan"]
[Result "1/2-1/2"]
[WhiteElo "2178"]
[BlackElo "2527"]
[PlyCount "44"]
[EventDate "2004.08.21"]

1. e4 c5 2. Nf3 d6 3. d4 Nf6 4. Nc3 cxd4 5. Nxd4 g6 6. Be3 Bg7 7. f3 Nc6 8. Bc4
O-O 9. Qd2 Bd7 10. O-O-O Rc8 11. Bb3 Nxd4 12. Bxd4 b5 13. Nd5 Nxd5 14. Bxg7
Kxg7 15. Bxd5 a5 16. h4 e6 17. h5 exd5 18. hxg6 hxg6 19. Qh6+ Kf6 20. Qf4+ Kg7
21. Qh6+ Kf6 22. Qf4+ Kg7 1/2-1/2

[Event "XVI Festival A"]
[Site "Porto San Giorgio ITA"]
[Date "2004.08.22"]
[Round "2"]
[White "Fulvi, Fulvio"]
[Black "Cioara, Andrei Nestor"]
[Result "0-1"]
[WhiteElo "2086"]
[BlackElo "2373"]
[PlyCount "100"]
[EventDate "2004.08.21"]

1. d4 e6 2. c4 Nf6 3. Bg5 h6 4. Bh4 b6 5. e3 Bb4+ 6. Nd2 Bb7 7. a3 Bxd2+ 8.
Qxd2 d6 9. f3 Nbd7 10. Bd3 c5 11. Ne2 Qe7 12. Nc3 O-O 13. O-O d5 14. Rac1 Rfe8
15. Nb5 Red8 16. Rfe1 a6 17. Nc3 g5 18. Bg3 e5 19. cxd5 Nxd5 20. Nxd5 Bxd5 21.
e4 Bc6 22. d5 Bb5 23. Bc2 a5 24. Bb3 Nf6 25. Qc3 Re8 26. Red1 Qd6 27. Bf2 a4
28. Ba2 Nh5 29. g3 Nf6 30. Qd2 Kg7 31. Be3 Nd7 32. Kg2 Nf8 33. h3 Ng6 34. Rh1
Rh8 35. Bc4 Bd7 36. Qd3 Rhc8 37. Bb5 Bxb5 38. Qxb5 Ra5 39. Qd3 Qd7 40. Bd2 Rb5
41. Bc3 Rb3 42. Qd2 f6 43. Rcf1 b5 44. f4 gxf4 45. gxf4 b4 46. axb4 cxb4 47.
fxe5 bxc3 48. exf6+ Kh7 49. bxc3 Rcxc3 50. Qf2 Rxh3 0-1

[Event "XVI Festival A"]
[Site "Porto San Giorgio ITA"]
[Date "2004.08.22"]
[Round "2"]
[White "Hoelzl, Franz"]
[Black "Rotoni, Matteo"]
[Result "1-0"]
[WhiteElo "2373"]
[BlackElo "2101"]
[PlyCount "45"]
[EventDate "2004.08.21"]

1. d4 c5 2. d5 Nf6 3. Nc3 e6 4. e4 d6 5. Bb5+ Bd7 6. a4 exd5 7. exd5 Be7 8. Nf3
O-O 9. O-O Bg4 10. Re1 a6 11. Bf1 Nbd7 12. h3 Bh5 13. g4 Bg6 14. Nh4 Ne8 15.
Nxg6 fxg6 16. Bg2 g5 17. Ne4 Ne5 18. Nxc5 dxc5 19. Rxe5 Bd6 20. Bxg5 Qc7 21.
Re2 Nf6 22. Ra3 Nd7 23. Be7 1-0

[Event "XVI Festival A"]
[Site "Porto San Giorgio ITA"]
[Date "2004.08.22"]
[Round "2"]
[White "Jones, Gawain C.B."]
[Black "Pepe, Mario"]
[Result "1-0"]
[WhiteElo "2453"]
[BlackElo "2145"]
[PlyCount "57"]
[EventDate "2004.08.21"]

1. e4 Nf6 2. e5 Nd5 3. d4 d6 4. c4 Nb6 5. exd6 cxd6 6. Nc3 g6 7. Be3 Bg7 8. Rc1
O-O 9. b3 Nc6 10. Be2 f5 11. Nh3 e5 12. d5 Ne7 13. f4 e4 14. Nb5 h6 15. O-O Kh7
16. Bd4 a6 17. Bxg7 Kxg7 18. Nd4 Re8 19. Qd2 Kh7 20. a4 a5 21. Kh1 Ng8 22. Nb5
Nf6 23. Rc3 Re7 24. Qd4 Ne8 25. Ng5+ Kg8 26. Rh3 h5 27. Bxh5 gxh5 28. Rxh5 Rg7
29. Rh8+ 1-0

[Event "XVI Festival A"]
[Site "Porto San Giorgio ITA"]
[Date "2004.08.22"]
[Round "2"]
[White "Laketic, Gojko"]
[Black "Tomini, Marco"]
[Result "1-0"]
[WhiteElo "2403"]
[BlackElo "2118"]
[PlyCount "73"]
[EventDate "2004.08.21"]

1. d4 Nf6 2. c4 g6 3. Nc3 d5 4. Nf3 Bg7 5. Bg5 Ne4 6. cxd5 Nxg5 7. Nxg5 e6 8.
Qd2 exd5 9. Qe3+ Kf8 10. Qf4 Bf6 11. h4 h6 12. Nf3 Kg7 13. O-O-O Be6 14. g4 Nd7
15. Bg2 Be7 16. e4 c6 17. Kb1 Rc8 18. g5 dxe4 19. gxh6+ Rxh6 20. Ng5 Nf6 21.
Nxe6+ fxe6 22. Bxe4 Qd6 23. Qf3 Rf8 24. Bc2 Nd5 25. Qg2 Nxc3+ 26. bxc3 Qf4 27.
h5 g5 28. Bg6 Qf3 29. Qg3 Qxg3 30. fxg3 Rhh8 31. Rde1 Rf6 32. g4 Ba3 33. Kc2
Bd6 34. Kb3 Rhf8 35. Re4 c5 36. dxc5 Bxc5 37. Rd1 1-0

[Event "XVI Festival A"]
[Site "Porto San Giorgio ITA"]
[Date "2004.08.22"]
[Round "2"]
[White "Maccario, Mauro"]
[Black "Fioravanti, Diego"]
[Result "0-1"]
[WhiteElo "2210"]
[BlackElo "1997"]
[PlyCount "64"]
[EventDate "2004.08.21"]

1. d4 d5 2. Nf3 c5 3. e3 Nc6 4. c3 e6 5. Bd3 Nf6 6. Nbd2 Bd6 7. O-O O-O 8. dxc5
Bxc5 9. e4 Ng4 10. exd5 exd5 11. Nb3 Bd6 12. Bc2 Nce5 13. Nbd4 Be6 14. h3 Nf6
15. Re1 Nxf3+ 16. Qxf3 Qd7 17. Bg5 Be7 18. Rad1 Rac8 19. Nf5 Bd8 20. Ne3 Qb5
21. Bxf6 Bxf6 22. Rd2 Rfd8 23. Nf5 d4 24. a4 Qc5 25. cxd4 Bxd4 26. Nxd4 Rxd4
27. Rde2 Qb4 28. Bb3 Rf4 29. Qg3 Rf6 30. Rxe6 fxe6 31. Rxe6 Rf7 32. Re1 Qxe1+
0-1

[Event "XVI Festival A"]
[Site "Porto San Giorgio ITA"]
[Date "2004.08.22"]
[Round "2"]
[White "Mrdja, Milan"]
[Black "Ruggeri, Pietro"]
[Result "1-0"]
[WhiteElo "2432"]
[BlackElo "2133"]
[PlyCount "69"]
[EventDate "2004.08.21"]

1. e4 c5 2. Nf3 d6 3. d4 cxd4 4. Nxd4 Nf6 5. f3 Nc6 6. c4 a6 7. Nc3 e6 8. Be3
Be7 9. Be2 Bd7 10. O-O O-O 11. Qd2 Qb8 12. Nc2 Ne5 13. a4 b6 14. Rfd1 Rc8 15.
Na3 Nc6 16. Bf1 Be8 17. Bf4 Qa7 18. Kh1 Rd8 19. Qe1 Ne5 20. Be3 Qc7 21. Rac1
Qb7 22. Rb1 Rac8 23. Qf2 Rc6 24. b4 d5 25. exd5 Nxd5 26. Nxd5 exd5 27. Rxd5
Rxd5 28. cxd5 Rc3 29. Bd4 Rxa3 30. Bxe5 Qxd5 31. Bxg7 Rxa4 32. Bc3 Bb5 33. Bxb5
axb5 34. Re1 Kf8 35. Qxb6 1-0

[Event "XVI Festival A"]
[Site "Porto San Giorgio ITA"]
[Date "2004.08.22"]
[Round "2"]
[White "Nardi, Marco"]
[Black "Friedrich, Norbert"]
[Result "0-1"]
[WhiteElo "1888"]
[BlackElo "2319"]
[PlyCount "75"]
[EventDate "2004.08.21"]

1. e4 c5 2. Nc3 Nc6 3. g3 g6 4. Bg2 Bg7 5. d3 d6 6. Be3 e5 7. Qd2 Nge7 8. Bh6
Bxh6 9. Qxh6 Nd4 10. O-O-O Be6 11. f4 Ng8 12. Qg7 Qf6 13. Qxf6 Nxf6 14. Kb1
O-O-O 15. Nce2 Ng4 16. Rd2 Ne3 17. Nxd4 cxd4 18. Bh3 Kd7 19. Bxe6+ Kxe6 20. Nf3
f6 21. c3 dxc3 22. bxc3 Rc8 23. Re1 Ng4 24. h3 Nh6 25. c4 Nf7 26. Nh4 Ke7 27.
Rf1 Rhf8 28. Ng2 Nd8 29. Ne3 Nc6 30. Nd5+ Ke6 31. Rdf2 f5 32. fxe5 Nxe5 33. Kc2
b5 34. exf5+ Rxf5 35. Rxf5 gxf5 36. Rxf5 bxc4 37. d4 Nc6 38. g4 0-1

[Event "XVI Festival A"]
[Site "Porto San Giorgio ITA"]
[Date "2004.08.22"]
[Round "2"]
[White "Ortega, Lexy"]
[Black "Della Corte, Alessandro"]
[Result "1-0"]
[WhiteElo "2430"]
[BlackElo "2128"]
[PlyCount "57"]
[EventDate "2004.08.21"]

1. d4 Nf6 2. Nf3 d5 3. c4 c6 4. Nc3 dxc4 5. e4 b5 6. e5 Nd5 7. a4 e6 8. axb5
Nxc3 9. bxc3 cxb5 10. Ng5 Bb7 11. Qg4 Qd5 12. Be2 Qxg2 13. Qf4 Qxh1+ 14. Kd2
Bd5 15. Bb2 Qg2 16. Bf1 Qxg5 17. Qxg5 Nc6 18. Bg2 Ne7 19. Ba3 Bxg2 20. Bxe7 Bc6
21. Bxf8 Kxf8 22. Ra6 h6 23. Qg1 Bb7 24. Rd6 g6 25. f4 Bd5 26. Qg3 Kg7 27. f5
Rhf8 28. Rd7 Rfd8 29. Qxg6+ 1-0

[Event "XVI Festival A"]
[Site "Porto San Giorgio ITA"]
[Date "2004.08.22"]
[Round "2"]
[White "Paci, Daniele"]
[Black "Bruno, Fabio"]
[Result "0-1"]
[WhiteElo "1880"]
[BlackElo "2341"]
[PlyCount "28"]
[EventDate "2004.08.21"]

1. d4 d5 2. Bf4 Nf6 3. e3 c5 4. c3 Nc6 5. Bd3 Qb6 6. Qc1 Bg4 7. Nd2 Rc8 8. dxc5
Qxc5 9. a3 e5 10. Bg5 e4 11. Bxf6 exd3 12. Bh4 d4 13. cxd4 Qh5 14. Qc4 Nb4 0-1

[Event "XVI Festival A"]
[Site "Porto San Giorgio ITA"]
[Date "2004.08.22"]
[Round "2"]
[White "Rigo, Janos"]
[Black "Andreolini, Mauro"]
[Result "1-0"]
[WhiteElo "2314"]
[BlackElo "1898"]
[PlyCount "109"]
[EventDate "2004.08.21"]

1. e4 e6 2. d4 c5 3. d5 exd5 4. exd5 d6 5. Nf3 Nf6 6. c4 Be7 7. Bd3 O-O 8. h3
Nbd7 9. O-O Re8 10. Re1 Nf8 11. Nc3 Ng6 12. Bg5 Bd7 13. Bc2 Bf8 14. Ne4 Be7 15.
Bxf6 Bxf6 16. Nxd6 Rxe1+ 17. Qxe1 Bxh3 18. Nxf7 Kxf7 19. gxh3 Qd7 20. Bxg6+
hxg6 21. Qe6+ Qxe6 22. dxe6+ Kxe6 23. Re1+ Kf5 24. Re2 Rd8 25. b3 g5 26. Nh2
Rd7 27. Ng4 Bd4 28. Kg2 Kf4 29. Re8 Rf7 30. Ne3 Bxe3 31. fxe3+ Kf5 32. Kf3 b6
33. a3 Rd7 34. e4+ Kf6 35. Ke3 Kf7 36. Re5 Kg6 37. Rd5 Rf7 38. Rd6+ Kh5 39. e5
Kh4 40. e6 Re7 41. Ke4 Kxh3 42. Kf5 g4 43. Rd7 Re8 44. Rxg7 g3 45. e7 g2 46.
Ke6 Kh2 47. Kd7 Rxe7+ 48. Rxe7 g1=Q 49. Rh7+ Kg2 50. Rg7+ Kf2 51. Rxg1 Kxg1 52.
Kc6 Kf2 53. Kb7 Ke3 54. Kxa7 Kd3 55. Kxb6 1-0

[Event "XVI Festival A"]
[Site "Porto San Giorgio ITA"]
[Date "2004.08.22"]
[Round "2"]
[White "Rinaudo, Sergio"]
[Black "Voiska, Margarita"]
[Result "0-1"]
[WhiteElo "2097"]
[BlackElo "2387"]
[PlyCount "66"]
[EventDate "2004.08.21"]

1. d4 c5 2. c3 e6 3. Nf3 Nf6 4. Bg5 Qb6 5. Qc2 cxd4 6. Bxf6 gxf6 7. Nxd4 Nc6 8.
e3 d5 9. Be2 Bd7 10. Nd2 Rc8 11. Nxc6 Bxc6 12. O-O Bd6 13. e4 Qc7 14. h3 O-O
15. Bd3 dxe4 16. Bxe4 f5 17. Bxc6 Qxc6 18. Nf3 Kh8 19. Qd3 Rg8 20. Rad1 Bc5 21.
Kh1 Rc7 22. c4 Be7 23. Qd4+ f6 24. b3 Bd8 25. Qd6 Qe8 26. Nd4 Re7 27. Rfe1 Bc7
28. Qc5 Rd7 29. g3 Bb6 30. Qb4 Rxd4 31. Rxd4 Bxd4 32. Qxb7 Bxf2 33. Rd1 Qh5 0-1

[Event "XVI Festival A"]
[Site "Porto San Giorgio ITA"]
[Date "2004.08.22"]
[Round "2"]
[White "Sabia, Corrado"]
[Black "Naumkin, Igor"]
[Result "0-1"]
[WhiteElo "2150"]
[BlackElo "2457"]
[PlyCount "50"]
[EventDate "2004.08.21"]

1. e4 e5 2. Nf3 Nc6 3. Bb5 a6 4. Ba4 Nf6 5. O-O Nxe4 6. d4 b5 7. Bb3 d5 8. Nxe5
Nxe5 9. dxe5 c6 10. c3 Bc5 11. Qe2 O-O 12. Be3 Qe7 13. f3 Qa7 14. Bxc5 Nxc5 15.
Kh1 Bf5 16. Bc2 Bxc2 17. Qxc2 Rae8 18. b4 Na4 19. f4 f6 20. exf6 Rxf6 21. Nd2
Re3 22. Rf3 Nxc3 23. Raf1 Ne2 24. Rxe3 Qxe3 25. Nf3 Rh6 0-1

[Event "XVI Festival A"]
[Site "Porto San Giorgio ITA"]
[Date "2004.08.22"]
[Round "2"]
[White "Stromboli, Ettore"]
[Black "Roeder, Matthias"]
[Result "1/2-1/2"]
[WhiteElo "2116"]
[BlackElo "2431"]
[PlyCount "79"]
[EventDate "2004.08.21"]

1. e4 c5 2. Nf3 d6 3. d4 cxd4 4. Nxd4 Nf6 5. f3 e5 6. Bb5+ Nbd7 7. Nf5 d5 8.
exd5 a6 9. Bxd7+ Qxd7 10. Ne3 b5 11. O-O Bb7 12. Re1 Bc5 13. Kh1 O-O 14. Nc3
Ba7 15. a4 Rfe8 16. axb5 axb5 17. Qd3 b4 18. Nb5 Bxe3 19. Bxe3 Nxd5 20. c4 bxc3
21. bxc3 Bc6 22. Rad1 Red8 23. Nd6 Qxd6 24. c4 Ba4 25. Rd2 Nxe3 26. Qxd6 Rxd6
27. Rxd6 Nxc4 28. Rd5 Bc2 29. Rc5 Bd3 30. h3 f5 31. Rd5 Ra3 32. f4 exf4 33. Re7
Kf8 34. Rc7 Ke8 35. Rdd7 Ne3 36. Re7+ Kf8 37. Rf7+ Ke8 38. Rfe7+ Kf8 39. Rf7+
Ke8 40. Rfe7+ 1/2-1/2

[Event "XVI Festival A"]
[Site "Porto San Giorgio ITA"]
[Date "2004.08.22"]
[Round "2"]
[White "Tomescu, Vlad"]
[Black "Affinito, Pancrazio"]
[Result "1-0"]
[WhiteElo "2397"]
[BlackElo "2115"]
[PlyCount "93"]
[EventDate "2004.08.21"]

1. e4 c5 2. Nf3 Nc6 3. d4 cxd4 4. Nxd4 g6 5. Nc3 Bg7 6. Nb3 Bxc3+ 7. bxc3 Nf6
8. Bd3 d5 9. exd5 Qxd5 10. O-O O-O 11. c4 Qd6 12. c5 Qc7 13. f4 Bf5 14. Bb2
Rad8 15. Qf3 Bxd3 16. cxd3 Qd7 17. Bxf6 exf6 18. Rfd1 Qd5 19. Qxd5 Rxd5 20. Rd2
Rfd8 21. Rad1 Nd4 22. Nxd4 Rxd4 23. g3 R8d5 24. Rb1 Rxc5 25. Rxb7 Ra5 26. Kf2
Raa4 27. Rbb2 Kf8 28. Ke3 h5 29. Rdc2 Rd5 30. Rc7 Rad4 31. Rb8+ Kg7 32. Rb3 Rd7
33. Rxd7 Rxd7 34. d4 f5 35. Ra3 Kf6 36. Ra6+ Ke7 37. Kd3 Kd8 38. Kc4 Kc8 39. d5
Kd8 40. Kc5 Kc8 41. a4 Kd8 42. Rd6 Kc8 43. Rxd7 Kxd7 44. d6 Kd8 45. Kc6 Kc8 46.
a5 Kd8 47. Kb7 1-0

[Event "XVI Festival A"]
[Site "Porto San Giorgio ITA"]
[Date "2004.08.23"]
[Round "3"]
[White "Andreolini, Mauro"]
[Black "Miatello, Alberto"]
[Result "1-0"]
[WhiteElo "1898"]
[BlackElo "2099"]
[PlyCount "75"]
[EventDate "2004.08.21"]

1. d4 Nf6 2. Nf3 g6 3. Nbd2 d5 4. e3 Bg7 5. Be2 Bf5 6. c4 c6 7. Ne5 O-O 8. O-O
Nbd7 9. f4 Ne4 10. Ndf3 f6 11. Nxd7 Qxd7 12. Bd2 Rfe8 13. Qb3 Be6 14. Bc3 Nd6
15. c5 Ne4 16. Qc2 Bf7 17. b4 b5 18. cxb6 axb6 19. a4 Rec8 20. Qb2 c5 21. Bb5
Qe6 22. bxc5 bxc5 23. dxc5 Nxc3 24. Qxc3 f5 25. Ne5 Be8 26. Rac1 Rab8 27. Bxe8
Rxe8 28. Rb1 Qa6 29. a5 e6 30. c6 Rb5 31. Rxb5 Qxb5 32. c7 Rc8 33. Rc1 Bf8 34.
Qc6 Qxc6 35. Rxc6 Bb4 36. a6 Ba5 37. a7 Bxc7 38. Rxc7 1-0

[Event "XVI Festival A"]
[Site "Porto San Giorgio ITA"]
[Date "2004.08.23"]
[Round "3"]
[White "Bastarelli, Giuseppe"]
[Black "Ruggeri, Pietro"]
[Result "1-0"]
[WhiteElo "1999"]
[BlackElo "2133"]
[PlyCount "137"]
[EventDate "2004.08.21"]

1. d4 d5 2. Nf3 Nc6 3. Bf4 Bg4 4. e3 e6 5. Be2 Bd6 6. Bg3 Nge7 7. c4 O-O 8.
cxd5 Nxd5 9. O-O Bxg3 10. hxg3 Qd6 11. Nbd2 Nb6 12. Ne4 Qd5 13. Nc5 Qh5 14. Re1
Nd5 15. Rc1 Nd8 16. Nd7 Re8 17. Nde5 c6 18. Nxg4 Qxg4 19. Ne5 Qg5 20. Bf3 Qe7
21. a3 f6 22. Nc4 Nf7 23. b4 Ng5 24. Bh5 g6 25. f4 Ne4 26. Bf3 Nd6 27. Na5 Nb6
28. Qb3 Qf7 29. Red1 Rad8 30. Rc5 Nd7 31. Rc2 Nb8 32. Rcd2 Kg7 33. Kf2 h5 34.
Kg1 a6 35. Kh2 Nd7 36. Rd3 f5 37. Nc4 Nxc4 38. Qxc4 Nf6 39. Qc5 Rh8 40. Qe5 Qd7
41. e4 Kf7 42. Kg1 fxe4 43. Bxe4 Nxe4 44. Qxe4 Qd5 45. Qe5 Qxe5 46. dxe5 Rd5
47. Kf2 Rhd8 48. Ke3 Ke7 49. a4 Kd7 50. Rc1 Kc7 51. Rxd5 Rxd5 52. g4 hxg4 53.
Rh1 c5 54. Rh7+ Kc6 55. bxc5 g5 56. fxg5 Rxc5 57. g6 Rxe5+ 58. Kf4 Rf5+ 59.
Kxg4 Rf8 60. Rf7 Rg8 61. Kg5 b5 62. axb5+ axb5 63. g7 b4 64. Kg6 e5 65. Rf8
Rxg7+ 66. Kxg7 e4 67. Kg6 Kc5 68. Kg5 e3 69. Kf4 1-0

[Event "XVI Festival A"]
[Site "Porto San Giorgio ITA"]
[Date "2004.08.23"]
[Round "3"]
[White "Bigagli, Rodolfo"]
[Black "Rinaudo, Sergio"]
[Result "0-1"]
[WhiteElo "1811"]
[BlackElo "2097"]
[PlyCount "62"]
[EventDate "2004.08.21"]

1. e4 e5 2. Nf3 Nf6 3. Nc3 Bb4 4. Nxe5 Qe7 5. Nf3 d5 6. Qe2 dxe4 7. Nd4 O-O 8.
a3 Bc5 9. Nb3 Nc6 10. Nxc5 Qxc5 11. Qb5 Qd6 12. Ne2 a6 13. Qg5 Bg4 14. c3 h6
15. Qe3 Ne5 16. h3 Nd3+ 17. Kd1 Qe6 18. Kc2 Nd5 19. Qg3 Bh5 20. Nd4 Qb6 21.
Bxd3 exd3+ 22. Kb1 c5 23. Qe5 Nf6 24. Nf3 Rfe8 25. Qg3 Qb3 26. Qd6 Ne4 27. Qf4
Nxf2 28. Rf1 f6 29. a4 Qc2+ 30. Ka2 Bf7+ 31. c4 Bxc4+ 0-1

[Event "XVI Festival A"]
[Site "Porto San Giorgio ITA"]
[Date "2004.08.23"]
[Round "3"]
[White "Bruno, Fabio"]
[Black "Ciampi, Vincenzo"]
[Result "1-0"]
[WhiteElo "2341"]
[BlackElo "2104"]
[PlyCount "83"]
[EventDate "2004.08.21"]

1. d4 Nf6 2. Nf3 g6 3. Bf4 Bg7 4. h3 d6 5. e3 Nbd7 6. Be2 O-O 7. Bh2 Qe8 8. O-O
e5 9. c4 Qe7 10. Nc3 c6 11. Qc2 Re8 12. Rab1 e4 13. Nd2 Nf8 14. b4 h5 15. b5 c5
16. dxc5 dxc5 17. b6 a6 18. Rfd1 Bf5 19. Nd5 Nxd5 20. cxd5 Nd7 21. Nc4 h4 22.
Nd6 Rf8 23. Nxb7 Be5 24. Na5 Bxh2+ 25. Kxh2 Qd6+ 26. Kg1 Nxb6 27. Nb7 Qf6 28.
Qxc5 Nd7 29. Qd6 Qg5 30. Kf1 Nf6 31. a4 Rfc8 32. Rbc1 Kg7 33. Rxc8 Rxc8 34.
Bxa6 Rc2 35. Qe5 Kh7 36. Nd6 Qh5 37. Re1 Nd7 38. Qe7 Bxh3 39. Qxf7+ Kh6 40.
gxh3 Ne5 41. Qf4+ Kh7 42. Rb1 1-0

[Event "XVI Festival A"]
[Site "Porto San Giorgio ITA"]
[Date "2004.08.23"]
[Round "3"]
[White "Cocchi, Andrea"]
[Black "Ortega, Lexy"]
[Result "0-1"]
[WhiteElo "2295"]
[BlackElo "2430"]
[PlyCount "78"]
[EventDate "2004.08.21"]

1. c4 e6 2. Nc3 d5 3. d4 c6 4. cxd5 exd5 5. Nf3 Nf6 6. Bg5 h6 7. Bh4 Bf5 8.
Bxf6 Qxf6 9. e3 Nd7 10. Bd3 Bg4 11. h3 Be6 12. Qe2 O-O-O 13. O-O-O g5 14. Kb1
Kb8 15. Nd2 c5 16. dxc5 Nxc5 17. Bc2 Bg7 18. Nf3 a6 19. Nd4 Rc8 20. Qf3 Qxf3
21. gxf3 Bf6 22. Nce2 Nd7 23. Bf5 Rhe8 24. Bg4 Ne5 25. Bxe6 fxe6 26. f4 Nc4 27.
f5 exf5 28. Nxf5 Nxb2 29. Rxd5 Nc4 30. Ned4 Re6 31. Ka1 Rb6 32. Rb1 Rcc6 33.
Rb3 Kc7 34. Rxb6 Nxb6 35. Ra5 Rc1+ 36. Kb2 Rh1 37. Rc5+ Kb8 38. Kb3 Rxh3 39.
Nd6 Bxd4 0-1

[Event "XVI Festival A"]
[Site "Porto San Giorgio ITA"]
[Date "2004.08.23"]
[Round "3"]
[White "Collutiis, Duilio"]
[Black "Efimov, Igor"]
[Result "0-1"]
[WhiteElo "2387"]
[BlackElo "2491"]
[PlyCount "80"]
[EventDate "2004.08.21"]

1. e4 c6 2. d4 d5 3. e5 Bf5 4. Nd2 e6 5. Nb3 Nd7 6. Nf3 Bg6 7. Be2 Nh6 8. O-O
Nf5 9. Ne1 Be7 10. c3 Qc7 11. Nd3 f6 12. Bf4 fxe5 13. Nxe5 Bd6 14. Re1 Bxe5 15.
Bxe5 Nxe5 16. dxe5 O-O 17. Nc5 Qe7 18. b4 b6 19. Nd3 c5 20. bxc5 bxc5 21. Bh5
Nh4 22. Bg4 h5 23. Bh3 Bf5 24. Re3 Bxh3 25. Rxh3 g6 26. Rg3 Kh7 27. Re3 Rad8
28. Qc1 Rf5 29. Qa3 Rc8 30. Rb1 Rf7 31. g3 Nf3+ 32. Kg2 Nd2 33. Qa6 Rcf8 34.
Rd1 Ne4 35. Nf4 Qg5 36. h4 Qg4 37. Qxe6 Rxf4 38. Qxg4 Rxf2+ 39. Kh3 hxg4+ 40.
Kxg4 R2f5 0-1

[Event "XVI Festival A"]
[Site "Porto San Giorgio ITA"]
[Date "2004.08.23"]
[Round "3"]
[White "Cristiani, Cesare"]
[Black "Rossi, Giampiero"]
[Result "1-0"]
[WhiteElo "2155"]
[BlackElo "2012"]
[PlyCount "47"]
[EventDate "2004.08.21"]

1. d4 d5 2. c4 e6 3. Nf3 c6 4. Nc3 Nf6 5. Bg5 Nbd7 6. e3 Qa5 7. Bxf6 Nxf6 8.
Qc2 Bb4 9. Nd2 O-O 10. Bd3 dxc4 11. Nxc4 Bxc3+ 12. bxc3 Qc7 13. Ne5 b6 14. O-O
Bb7 15. f3 c5 16. Rf2 Rac8 17. Rc1 Rfd8 18. Ng4 Nxg4 19. Bxh7+ Kh8 20. fxg4 g6
21. Rcf1 Rd7 22. Bxg6 fxg6 23. Qxg6 Rg8 24. Rf8 1-0

[Event "XVI Festival A"]
[Site "Porto San Giorgio ITA"]
[Date "2004.08.23"]
[Round "3"]
[White "Czebe, Attila"]
[Black "Cerquitella, Luca"]
[Result "1-0"]
[WhiteElo "2479"]
[BlackElo "2173"]
[PlyCount "69"]
[EventDate "2004.08.21"]

1. Nf3 Nf6 2. c4 e6 3. Nc3 Bb4 4. Qc2 O-O 5. a3 Bxc3 6. Qxc3 b6 7. d3 h6 8. g4
Nh7 9. Rg1 Qf6 10. Qxf6 Nxf6 11. g5 hxg5 12. Bxg5 Nh5 13. e3 d6 14. Nd4 f6 15.
Bh4 Kf7 16. Bg2 c6 17. Nb5 g5 18. Bf3 Ng7 19. Nxd6+ Ke7 20. Bg3 Bd7 21. Nb5 Ne8
22. d4 Na6 23. b4 cxb5 24. Bxa8 bxc4 25. h4 Nac7 26. Bf3 gxh4 27. Bxh4 Nd5 28.
e4 Nf4 29. Kd2 b5 30. e5 Rf7 31. Rg4 Nd5 32. Re1 Nb6 33. Reg1 a6 34. exf6+ Nxf6
35. Rf4 1-0

[Event "XVI Festival A"]
[Site "Porto San Giorgio ITA"]
[Date "2004.08.23"]
[Round "3"]
[White "Fantini, Lorenzo"]
[Black "Fulvi, Fulvio"]
[Result "0-1"]
[WhiteElo "1688"]
[BlackElo "2086"]
[PlyCount "109"]
[EventDate "2004.08.21"]

1. e4 e6 2. d4 d5 3. Nc3 Bb4 4. e5 c5 5. a3 Bxc3+ 6. bxc3 Ne7 7. Nf3 Nbc6 8.
dxc5 Qa5 9. Bb2 Qxc5 10. Bd3 Bd7 11. O-O Na5 12. Nd2 Ng6 13. Re1 Qc7 14. Qe2
O-O-O 15. c4 Nf4 16. Qg4 Nxd3 17. cxd3 dxc4 18. Nxc4 Nxc4 19. Rac1 Bc6 20. Qxc4
Qd7 21. d4 Qd5 22. f3 Qxc4 23. Rxc4 Rd5 24. Bc3 Kd7 25. Rd1 f6 26. Rd2 b6 27.
f4 Bb5 28. Rb4 Rc8 29. Bb2 fxe5 30. fxe5 Rf8 31. Rf2 Rxf2 32. Kxf2 Kc6 33. Rb3
Rd7 34. Rf3 Kd5 35. Kg3 Rc7 36. Rc3 Rxc3+ 37. Bxc3 Kc4 38. Bb2 Kb3 39. Bc1 Bc4
40. Kf4 a5 41. Kg5 b5 42. h4 Kc2 43. Be3 Bd5 44. h5 b4 45. axb4 axb4 46. h6
gxh6+ 47. Kxh6 b3 48. Kxh7 b2 49. g4 b1=Q 50. g5 Qh1+ 51. Kg7 Be4 52. Kf6 Qf3+
53. Kxe6 Qxe3 54. d5 Qxg5 55. d6 0-1

[Event "XVI Festival A"]
[Site "Porto San Giorgio ITA"]
[Date "2004.08.23"]
[Round "3"]
[White "Fioravanti, Diego"]
[Black "Chiaretti, Roberto"]
[Result "1/2-1/2"]
[WhiteElo "1997"]
[BlackElo "2207"]
[PlyCount "70"]
[EventDate "2004.08.21"]

1. c4 d6 2. Nc3 e5 3. g3 f5 4. d3 Nf6 5. Bg2 Be7 6. Nf3 O-O 7. O-O Kh8 8. Bd2
c5 9. Ne1 Nc6 10. f4 Be6 11. Nd5 e4 12. dxe4 Nxe4 13. Bxe4 fxe4 14. Bc3 Qd7 15.
Qd2 Rae8 16. Rd1 Bd8 17. Ng2 Bxd5 18. Qxd5 Nd4 19. Bxd4 cxd4 20. Qxd4 Qa4 21.
Qxd6 Qxc4 22. e3 Qxa2 23. Qb4 Bb6 24. Rd7 Rf7 25. Rxf7 Qxf7 26. Rd1 h6 27. Qb5
Rc8 28. Qe5 Qb3 29. Re1 Qd3 30. f5 Rc6 31. Kh1 Kh7 32. Qe8 Rf6 33. g4 Rc6 34.
Nf4 Qd2 35. Rf1 Rc2 1/2-1/2

[Event "XVI Festival A"]
[Site "Porto San Giorgio ITA"]
[Date "2004.08.23"]
[Round "3"]
[White "Friedrich, Norbert"]
[Black "Jones, Gawain C.B."]
[Result "1/2-1/2"]
[WhiteElo "2319"]
[BlackElo "2453"]
[PlyCount "32"]
[EventDate "2004.08.21"]

1. Nf3 c5 2. c4 Nf6 3. Nc3 Nc6 4. d4 cxd4 5. Nxd4 Nxd4 6. Qxd4 g6 7. e4 d6 8.
Be2 Bg7 9. Be3 O-O 10. Qd2 Be6 11. O-O Rc8 12. b3 a6 13. Rac1 Qa5 14. f3 Rfe8
15. Rc2 Nd7 16. Rfc1 Rb8 1/2-1/2